| Tag |
First Indicator |
Second Indicator |
Subfields |
| LEADER |
00000cam a2200000 i 4500 |
| 001 |
in00000354530 |
| 005 |
20230322144753.1 |
| 008 |
770803s1976 caua b 101 0 eng |
| 010 |
|
|
|a 76152114
|
| 020 |
|
|
|a 0892521066
|
| 035 |
|
|
|a (OCoLC)03223286
|
| 035 |
|
|
|9 ABN1918AM
|
| 040 |
|
|
|a DLC
|c DLC
|d TXA
|d UtOrBLW
|
| 049 |
|
|
|a TXAM
|c [1110307]
|
| 050 |
0 |
0 |
|a UG760
|b .A35
|
| 082 |
0 |
|
|a 623.7/2
|
| 245 |
0 |
0 |
|a Aerial reconnaissance systems :
|b pods/aircraft : [seminar] : March 24-25, 1976, Reston, Virginia /
|c Ed Shea, editor ; presented by the Society of Photo-optical Instrumentation Engineers and the Society of Photographic Scientists and Engineers, in cooperation with Optical Sciences Center, University of Arizona [and others].
|
| 264 |
|
1 |
|a Palos Verdes Estates, Calif. :
|b SPIE,
|c 1976.
|
| 300 |
|
|
|a viii, 230 pages :
|b illustrations ;
|c 28 cm.
|
| 336 |
|
|
|a text
|b txt
|2 rdacontent
|
| 337 |
|
|
|a unmediated
|b n
|2 rdamedia
|
| 338 |
|
|
|a volume
|b nc
|2 rdacarrier
|
| 490 |
1 |
|
|a Proceedings of the Society of Photo-optical Instrumentation Engineers ; v. 79
|
| 504 |
|
|
|a Includes bibliographical references and indexes.
|
| 650 |
|
0 |
|a Aerial reconnaissance
|x Equipment and supplies
|x Congresses.
|
| 700 |
1 |
|
|a Shea, Ed.
|
| 710 |
2 |
|
|a Society of Photo-optical Instrumentation Engineers.
|
| 710 |
2 |
|
|a Society of Photographic Scientists and Engineers.
|
| 830 |
|
0 |
|a Proceedings of SPIE--the International Society for Optical Engineering ;
|v v. 79.
|
| 856 |
4 |
1 |
|u https://www.spiedigitallibrary.org/conference-proceedings-of-SPIE/0079.toc?SSO=1
|t 0
|
| 999 |
|
|
|a MARS
|
| 999 |
f |
f |
|s 4b1088c1-402a-3295-886b-7812f6af89d4
|i 76ff4e7b-5667-32f2-8af0-c897f2d5b831
|t 0
|
| 952 |
f |
f |
|p ric
|a Texas A&M University
|b Rellis Campus
|c Joint Library Facility
|d Remote Storage
|t 0
|e UG760 .A35
|h Library of Congress classification
|i unmediated -- volume
|m A14805705042
|
| 998 |
f |
f |
|a UG760 .A35
|t 0
|l Remote Storage
|